The future of anthropological knowledge
Αποθηκεύτηκε σε:
| Άλλοι συγγραφείς: | |
|---|---|
| Μορφή: | Βιβλίο |
| Γλώσσα: | English |
| Δημοσίευση: |
London ; New York :
Routledge,
1996.
|
| Σειρά: | Uses of knowledge
|
| Θέματα: | |
| Ετικέτες: |
Προσθήκη ετικέτας
Δεν υπάρχουν, Καταχωρήστε ετικέτα πρώτοι!
|
MARC
| LEADER | 00000cam a2200000 i 4500 | ||
|---|---|---|---|
| 001 | 1/9950 | ||
| 008 | 970407s1996 enk| ||| |||| ||eng|| | ||
| 020 | |a 0415107873 | ||
| 035 | |l 10017673 | ||
| 040 | |a GR-MY-UA |b gre |e aacr | ||
| 041 | 0 | |a eng | |
| 082 | 0 | |a 301.01 | |
| 245 | 1 | 4 | |a The future of anthropological knowledge / |c edited by Henrietta L. Moore. |
| 260 | |a London ; |a New York : |b Routledge, |c 1996. | ||
| 300 | |a viii, 179 σ. ; |c 25 εκ. | ||
| 490 | 1 | |a (Uses of knowledge) | |
| 500 | |a Based on papers from the 4th Decennial Conference of the Association of Social Anthropologists of the Commonwealth held in Oxford in 1993. | ||
| 504 | |a Περιλαμβάνει βιβλιογραφικές παραπομπές και ευρετήριο. | ||
| 650 | 0 | 0 | |a Anthropology |x Philosophy |x Congresses. |
| 650 | 0 | 0 | |a Anthropology |x Methodology |x Congresses. |
| 650 | 0 | 0 | |a Knowledge, Theory of |x Congresses. |
| 700 | 1 | |a Moore, Henrietta L. |e edtf | |
| 830 | 0 | |a Uses of knowledge | |
| 852 | |a INST |b LESVOS |e 19970407 |h 301.01 FUT |p 005100011556 |q 005100011556 |t BK |y 0 | ||
| 852 | |a INST |b LESVOS |e 20231115 |h 301.01 FUT |p 005100065647 |q 005100065647 |t BK |y 0 | ||